| 000 | 00738nam a22001937a 4500 | ||
|---|---|---|---|
| 003 | NUST - PNEC | ||
| 005 | 20170116181206.0 | ||
| 008 | 160905b xxu||||| |||| 00| 0 eng d | ||
| 020 | _a9788131427439 | ||
| 040 | _cLIBRARY | ||
| 082 | _a363.7284 IYY | ||
| 100 |
_916832 _aIyyer Mallikarjun Janardan |
||
| 245 |
_aWastewater recycling and reuse : Issues and country experiences _cMallikarjun Janardan Iyyer |
||
| 260 |
_aTripura _bIUP _cc.2012 |
||
| 300 |
_aviii, 235 pages _bill:, |
||
| 648 |
_916833 _aWater reuse _xME, IME |
||
| 856 | _uhttps://www.amazon.com/Wastewater-Recycling-Reuse-Mallikarjun-Janardan/dp/8131427439/ref=sr_1_5?s=books&ie=UTF8&qid=1473049900&sr=1-5&keywords=Wastewater+recycling+and+reuse | ||
| 942 |
_2ddc _cBK |
||
| 999 |
_c71637 _d71637 |
||